000 00390nam a22001337a 4500
008 220908b |||||||| |||| 00| 0 eng d
082 _aEnglish Cap no.91
100 _aTamang, Karma Dechen
245 _aThe Creative Portfolio Presents Creative Nonfiction
260 _aThimphu :
_bRoyal Thimphu College,
_c2022.
300 _a31 p.
_c30 cm.
650 _aStudent research work
942 _2ddc
999 _c9113
_d9114